Sports Quiz

Random Sports or Numbers Quiz

Non QB Passers Quiz Stats

 Plays Quiz not verified by Sporcle

Score 0/26 Timer 10:00
0 Plays Today
Number of Yards Player % Correct
143LaDainian Tomlinson
69.6%
281Antwaan Randle El
59.8%
331Walter Payton
49.1%
106Randy Moss
43.8%
194Andy Johnson
35.7%
282Marcus Allen
23.2%
168Bobby Anderson
17%
112Alfred Anderson
17%
111Louis Carter
13.4%
106Dave Green
10.7%
168Brian Mitchell
6.3%
119Keith Byars
5.4%
179Joe Washington
4.5%
Number of Yards Player % Correct
148Frank Wycheck
4.5%
192Drew Pearson
2.7%
114Dave Meggett
2.7%
126Chuck Muncie
1.8%
114Dalton Hilliard
1.8%
111Mike Montgomery
1.8%
111Arthur Marshall
1.8%
182Greg Pruitt
0.9%
144Willard Harrell
0.9%
131Bob Parsons
0.9%
129David Beverly
0.9%
128Chris Mohr
0.9%
126Marty Booker
0%

You're not logged in!

Compare scores with friends on all Sporcle quizzes.
OR
Log In

Show Comments

Extras

Top Quizzes Today


Score Distribution

Your Account Isn't Verified!

In order to create a playlist on Sporcle, you need to verify the email address you used during registration. Go to your Sporcle Settings to finish the process.

Report this User

Report this user for behavior that violates our Community Guidelines.

Details: